000 00294nam a22001337a 4500
008 170216b xxu||||| |||| 00| 0 eng d
020 _a9780323049580
041 _aeng
080 _a615
100 _a5
101 _aSHF
245 _aPHARMACY MANAGEMENT SOFTWARE
_cWILSON, L
942 _2udc
_cBK
999 _c5743
_d5743